00488nam a2200181 a 450000100060000000300090000600800410001502000150005604000280007108200090009910000280010824500350013626000440017130000110021549000190022665000310024565000300027617395CO-ViMGA141112s2004 ck r 000 u spa d a8447802736 aCO-ViMGAbspacCO-ViMGA04aSALd1 aSales Sklenitzka, Franz10aLos dragones las pasan canutas aBarcelona (España), cEl Arca, c1995 a116.p. aTren de cuerda14aDRAGONES - NOVELA INFANTIL14aNOVELA INFANTIL AUSTRIACA